Cherishing poetry in wood & stone : (Record no. 608368)

000 -LEADER
fixed length control field 01615cam a2200397 i 4500
001 - CONTROL NUMBER
control field 19294608
005 - DATE AND TIME OF LATEST TRANSACTION
control field 20240227154949.0
008 - FIXED-LENGTH DATA ELEMENTS--GENERAL INFORMATION
fixed length control field 160929s2015 pk a 000 0 eng
010 ## - LIBRARY OF CONGRESS CONTROL NUMBER
LC control number 2016368010
020 ## - INTERNATIONAL STANDARD BOOK NUMBER
International Standard Book Number 9789692311908
025 ## - OVERSEAS ACQUISITION NUMBER
Overseas acquisition number P-E-2016368010
040 ## - CATALOGING SOURCE
Original cataloging agency DLC
Language of cataloging eng
Transcribing agency DLC
Description conventions rda
041 1# - LANGUAGE CODE
Language code of text/sound track or separate title eng
-- urd
042 ## - AUTHENTICATION CODE
Authentication code lcode
046 ## - SPECIAL CODED DATES
Type of date code a-pk---
050 00 - LIBRARY OF CONGRESS CALL NUMBER
Classification number NA6010.72.S92
Item number C44 2015
082 ## - DEWEY DECIMAL CLASSIFICATION NUMBER
Classification number 729.6
Author Mark CHE
245 00 - TITLE STATEMENT
Title Cherishing poetry in wood & stone :
Remainder of title the conservation of a traditional Swat valley mosque = Lakṛī aur pathar men̲ shāʻirī : ek rivāyatī Svātī masjid ko maḥfūz̤ karne ka manṣūbah /
Statement of responsibility, etc. editor, Sameeta Ahmed.
246 1# - VARYING FORM OF TITLE
Display text Title on added title page:
Title proper/short title Lakṛī aur pathar men̲ shāʻirī :
Remainder of title ek rivāyatī Svātī masjid ko maḥfūz̤ karne ka manṣūbah
246 3# - VARYING FORM OF TITLE
Title proper/short title Cherishing poetry in wood and stone
246 30 - VARYING FORM OF TITLE
Title proper/short title Poetry in wood & stone
246 3# - VARYING FORM OF TITLE
Title proper/short title Poetry in wood and stone
264 #1 - PRODUCTION, PUBLICATION, DISTRIBUTION, MANUFACTURE, AND COPYRIGHT NOTICE
Place of production, publication, distribution, manufacture Swat ;
Name of producer, publisher, distributor, manufacturer Swat Participatory Council,
Date of production, publication, distribution, manufacture, or copyright notice c2015.
300 ## - PHYSICAL DESCRIPTION
Extent 149 pages :
Other physical details color illustrations ;
Dimensions 25 cm
336 ## - CONTENT TYPE
Content type term text
Content type code txt
Source rdacontent
337 ## - MEDIA TYPE
Media type term unmediated
Media type code n
Source rdamedia
338 ## - CARRIER TYPE
Carrier type term volume
Carrier type code nc
Source rdacarrier
546 ## - LANGUAGE NOTE
Language note Includes translation in Urdu.
650 #0 - SUBJECT ADDED ENTRY--TOPICAL TERM
Topical term or geographic name entry element Mosques
General subdivision Conservation and restoration
Geographic subdivision Pakistan
-- Swāt District.
9 (RLIN) 121556
651 #0 - SUBJECT ADDED ENTRY--GEOGRAPHIC NAME
Geographic name Swāt District (Pakistan)
General subdivision Antiquities.
9 (RLIN) 121557
700 1# - ADDED ENTRY--PERSONAL NAME
Personal name Ahmed, Sameeta,
Relator term editor.
9 (RLIN) 121558
710 1# - ADDED ENTRY--CORPORATE NAME
Corporate name or jurisdiction name as entry element Swat Participatory Council.
9 (RLIN) 121559
906 ## - LOCAL DATA ELEMENT F, LDF (RLIN)
a 7
b cbc
c origode
d 3
e ncip
f 20
g y-gencatlg
942 ## - ADDED ENTRY ELEMENTS (KOHA)
Source of classification or shelving scheme
Koha item type Book
Holdings
Withdrawn status Lost status Source of classification or shelving scheme Damaged status Not for loan Permanent Location Current Location Date acquired Source of acquisition Total Checkouts Full call number Barcode Date last seen Price effective from Koha item type
          School of Art Design and Architecture (SADA) School of Art Design and Architecture (SADA) 02/24/2021 Donation   729.6 CHE 2015 SADAD0000442 02/27/2024 02/27/2024 Book
© 2023 Central Library, National University of Sciences and Technology. All Rights Reserved.